Vista normal
Vista MARC
Entrada Corporate Name
Número de registros utilizados en: 1
001 - CONTROL NUMBER
- control field: 25454
003 - CONTROL NUMBER IDENTIFIER
- control field: OSt
005 - DATE AND TIME OF LATEST TRANSACTION
- control field: 20230915231139.0
008 - FIXED-LENGTH DATA ELEMENTS
- fixed length control field: 230915|| aca||aabn | a|a d
040 ## - CATALOGING SOURCE
- Original cataloging agency: OSt
- Transcribing agency: OSt
110 ## - HEADING--CORPORATE NAME
- Corporate name or jurisdiction name as entry element: Sena - Colombia ; Natural Resources Institute
670 ## - SOURCE DATA FOUND
- Source citation: Work cat.: (OSt)27361: Ovalle Huertas, Jose Alberto; Rueda Mantilla, Samuel Gustavo 25453, Paquete de capacitación en Manejo post - cosecha del Banano criollo, Sena